[Event "Moscow Tal Memorial 4th"]
[Site "Moscow"]
[Date "2009.11.07"]
[Round "3"]
[White "Morozevich, Alexander"]
[Black "Kramnik, Vladimir"]
[Result "0-1"]
[WhiteElo "2750"]
[BlackElo "2772"]
[Annotator "Postny,E"]
[PlyCount "90"]
[EventDate "2009.11.05"]
[EventType "tourn"]
[EventRounds "9"]
[EventCountry "RUS"]
[EventCategory "21"]
[SourceTitle "CBM 133"]
[Source "ChessBase"]
[SourceDate "2009.11.19"]
[SourceVersion "1"]
[SourceVersionDate "2009.11.19"]
[SourceQuality "1"]

{In last year's Tal memorial tournament Kramnik suffered a defeat against
Morozevich, also in round three. This time he managed to take a convincing
revanche.} 1. d4 Nf6 2. c4 e6 3. Nc3 Bb4 4. Qc2 O-O 5. a3 Bxc3+ 6. Qxc3 d5 7.
Nf3 dxc4 8. Qxc4 b6 9. Bf4 (9. Bg5 Ba6 10. Qa4 c5 11. dxc5 bxc5 12. Rd1 Qb6 13.
Bxf6 gxf6 14. Rd2 Nc6 15. Qg4+ Kh8 16. Qh4 Kg7 17. Qg4+ Kh8 18. Qh4 Kg7 19.
Qg4+ {1/2-1/2 Carlsen,M (2772)-Kramnik,V (2759)/Dortmund GER 2009/The Week in
Chess 765}) 9... Ba6 $1 {Black can ignore the threat to Pc7.} ({The older
continuation} 9... Nd5 {proved to be insufficient for equality in view of} 10.
Bg5 $1) 10. Qc2 {Black gets sufficient compensation as proved in the following
games:} (10. Qxc7 Qd5 11. Qd6 (11. Qc2 Rc8 12. Qb1 Nbd7 13. e4 Qb7 14. e5 Bxf1
15. Rxf1 Nd5 16. Bd2 Qa6 $44 {1-0 Likavsky,T (2498)-Bosiocic,M (2578)/
Ansfelden AUT 2009/The Week in Chess 751 (46)}) 11... Qb5 12. Qb4 Qd5 13. Qd6 (
13. e3 Bxf1 14. Kxf1 Nc6 15. Qa4 Rfc8 $44) (13. Rc1 Nc6 14. Qd6 Qxd6 15. Bxd6
Rfc8 $44 {[%cal Gc6a5,Gf6e4]}) 13... Qb5 14. Qb4 Qd5 15. Qd6 Qb5 16. Qb4 Qd5 {
1/2-1/2 Khenkin,I (2647)-Wojtaszek,R (2599)/Dresden GER 2008/The Week in Chess
733}) 10... Nbd7 11. e4 {Again, both captures of Pc7 are risky for White as he
gets seriously behind in development.} (11. Qxc7 $6 Qxc7 12. Bxc7 Rfc8 13. Bf4
Rc2 $15) (11. Bxc7 $6 Qc8 12. Rc1 Qb7 13. Bf4 Rfc8 14. Qd1 Qe4 15. Bd2 Rxc1 16.
Qxc1 Rc8 17. Qd1 h6 $1 $17 {0-1 Likavsky,T (2480)-Delchev,A (2628)/Fuegen 2006/
CBM 115 (35)}) 11... Bxf1 12. Kxf1 c5 {Black must play actively through the
center before White consolidates his position.} 13. Bd6 Re8 14. e5 Nd5 {
It seems to me that White just lost the right to castle for nothing. Where did
he make a mistake? Hard to tell, perhaps the whole line starting with 9.Bf4 is
not so promising. White should search in the direction of 9.Bg5.} 15. h4 {
Trying to create some threats against the black king.} (15. dxc5 Nxc5 16. Bxc5
Rc8 17. b4 bxc5 $15) 15... cxd4 (15... Rc8 16. Ng5 g6 17. Qd2 cxd4 18. Rh3 (18.
h5 $2 Ne3+ 19. fxe3 Qxg5 $19) (18. Qxd4 Nc5 19. Rh3 h6 20. Ne4 Nxe4 21. Qxe4
Qd7 $15) 18... Nxe5 19. Bxe5 f6 20. Qxd4 fxg5 21. Qg4 $44 {[%csl Ge5]}) 16. Ng5
(16. Nxd4 Nc5 $1 17. Bxc5 Rc8 {The same trick yields Black a pleasant position.
}) 16... f5 17. Qc4 $6 ({It was possible to go back by} 17. Qd1 {[%cal Gd1h5]}
h6 18. Nf3 $15 {Objectively, this would have been better, but this is like to
admit the failure of the whole idea. Morozevich is not that kind of player.})
17... Qc8 $1 18. Qxd4 Nc5 19. Rd1 (19. Bxc5 bxc5 20. Qd2 h6 21. Nf3 Rb8 $17) (
19. Rh3 $2 h6 {and White loses material.}) (19. Rc1 Nb3 20. Rxc8 Nxd4 21. Rxa8
Rxa8 {The endgame is terrible for White.}) 19... Nb3 $1 20. Qd3 Nc1 $1 21. Qb5
Qc2 22. Rxd5 {Forced.} (22. Rd4 Nb3 {and the rook is trapped anyway.}) 22... a6
$1 {Necessary intermediate move.} 23. Qxb6 (23. Qd7 Qc4+ 24. Kg1 Ne2+ 25. Kf1
exd5 $19) 23... Qc4+ 24. Kg1 exd5 (24... Qxd5 25. Qc7 Ne2+ 26. Kh2 Nf4 {
was good as well.}) 25. g3 h6 26. Nf3 (26. Qb7 $5 {was an interesting chance,
though insufficient. The refutation is far from easy:} hxg5 27. e6 $1 {[%cal
Gb7f7,Gd6e5]} Ne2+ 28. Kh2 Rxe6 $3 29. Qxa8+ Kh7 30. hxg5 Qe4 $1 31. Qb8 Re8
32. f3 Qe3 33. Kg2+ Kg6 34. Bc5 Nd4 $1 35. Qb6+ Re6 $19) 26... f4 $19 {Black
is an exchange up, and even in possession of an initative.} 27. g4 Qe4 28. Kg2
Nd3 29. Qb3 Qc4 30. Qb7 (30. Qd1 Rac8 31. Qd2 {trying to trap the knight. This
would force Kramnik to find the following, not very difficult tactical idea:}
Qe4 32. Rd1 Nxf2 $1 33. Qxf2 Rc2 34. Rd2 Rxd2 35. Qxd2 Rc8 $19) 30... Nxf2 $1 {
Nice work by the black knight in this game.} 31. Kxf2 Qc2+ 32. Kg1 Qd1+ 33. Kf2
(33. Kg2 Qe2+ 34. Kg1 Qxf3 $19) 33... Qxh1 {Black is already two exchanges up,
but should still perform a minimal accuracy to clinch the full point.} 34. e6 (
34. Qxd5+ Kh8 $19 (34... Kh7 $4 35. Ng5+ hxg5 36. Qxh1 $18)) 34... Rac8 35.
Qf7+ Kh8 36. Bc5 Qc1 ({It's never too late to spoil everything:} 36... Rxc5 $4
37. Qxe8+ Kh7 38. Ng5+ $1 hxg5 39. Qh5+ {with perpetual check.}) 37. b4 Qc2+
38. Kg1 Qe2 39. Nd4 Qxg4+ 40. Kf2 Qxh4+ 41. Ke2 f3+ 42. Kxf3 Rf8 $1 {Finishing
the game in style.} 43. Bxf8 Rc3+ 44. Kg2 (44. Ke2 Qe4+ 45. Kf1 Rc1+ 46. Kf2
Qxd4+ {and the king will be mated very soon.}) 44... Qg3+ 45. Kf1 Rc1+ {
Excellently played by Kramnik!} (45... Rc1+ 46. Ke2 Re1+ 47. Kd2 Qe3+ 48. Kc2
Rc1+ 49. Kb2 Qc3+ 50. Ka2 Ra1#) 0-1

[Event "Rohde op 10th"]
[Site "Sautron"]
[Date "2010.10.24"]
[Round "2"]
[White "Berczes, David"]
[Black "Prohaszka, Peter"]
[Result "1/2-1/2"]
[WhiteElo "2520"]
[BlackElo "2529"]
[Annotator "Primel,D"]
[PlyCount "51"]
[EventDate "2010.10.23"]
[EventType "swiss"]
[EventRounds "9"]
[EventCountry "FRA"]
[SourceTitle "EXT 2012"]
[Source "ChessBase"]
[SourceDate "2011.11.24"]
[SourceVersion "1"]
[SourceVersionDate "2011.11.24"]
[SourceQuality "1"]

1. d4 Nf6 2. c4 e6 3. Nc3 Bb4 4. Qc2 O-O 5. a3 Bxc3+ 6. Qxc3 d5 (6... b6 {
la grande ligne mais d5 est actuellement plus populaire а haut niveau}) 7. Nf3
dxc4 (7... Ne4) 8. Qxc4 b6 {[%cal Gc8a6]} 9. Bg5 (9. Bf4 Ba6 $11) 9... Ba6 10.
Qa4 (10. Qc2 Nbd7 (10... h6 11. Bh4 (11. Bf4 Nd5 {[%cal Gd5f4,Gd5c7]} 12. Bg3 (
12. Bd2 f5 13. e4 Bxf1 14. Kxf1 fxe4 15. Qxe4 {[%csl Re6][%cal Ga1e1,Gg2g3,
Gf1g2]} Qd7 16. Re1 Rf6 17. h4 $1 Nc6 (17... c5) 18. h5 {[%csl Rg6]} (18. g4 $2
{[%cal Gg4g5]} Qf7 19. Rh3 Rf8) 18... Raf8 19. Rh4 $13 {[%cal Gh4g4,Gd2h6]})
12... f5 $11) 11... c5 $1 {Les Noirs semblent avoir des bonnes compensations
si les Blancs acceptent le gambit.} 12. dxc5 bxc5 13. Rd1 (13. Qxc5 Nbd7 $32 {
[%csl Re1];Zhu Chen (2480)-Pelletier,Y (2592) Cap d'Agde CCAS Gp-B rapid 2010 
(3) 0-1})) 11. Rd1 {[%cal Gd1d8,Gd4c5]} (11. e4 $5 Bxf1 $11)) 10... c5 (10...
h6) 11. dxc5 bxc5 12. Rd1 Qb6 13. Bxf6 (13. e3 $5 $146 {Comme Bf6 ne donne pas
grand chose, 13.e3 mériterait peut-être un essai pratique} Bxf1 14. Bxf6 gxf6
15. Kxf1 Qxb2 16. g3 Qb7 17. Kg2 Nc6 {[%cal Gc6e5,Gb7g2]} 18. Rb1 Qc7 19. Rhc1
$14 {[%csl Rc5]}) 13... gxf6 14. Rd2 Nc6 15. Qg4+ Kh8 16. Qh4 Kg7 17. Qg4+ (17.
Qg3+ Kh8 {1/2-1/2 Gustafsson,J (2627)-Movsesian,S (2708)/Caleta 2010/Mega2010
Update 08}) 17... Kh8 18. Qh4 Kg7 19. Ng5 $146 {forçant la nulle} (19. Qg4+ {
Carlsen,M (2772)-Kramnik,V (2759) Dortmund SuperGM 2009 (3) 1/2}) 19... fxg5
20. Qxg5+ Kh8 21. Qf6+ Kg8 22. Qg5+ Kh8 23. Qf6+ Kg8 24. Qg5+ Kh8 25. Qf6+ Kg8
26. Qg5+ 1/2-1/2

[Event "Rohde op 10th"]
[Site "Sautron"]
[Date "2010.10.30"]
[Round "9"]
[White "Maiorov, Nikita"]
[Black "Monroy, Charles"]
[Result "1-0"]
[WhiteElo "2546"]
[BlackElo "2431"]
[Annotator "Primel,D"]
[PlyCount "87"]
[EventDate "2010.10.23"]
[EventType "swiss"]
[EventRounds "9"]
[EventCountry "FRA"]
[SourceTitle "EXT 2012"]
[Source "ChessBase"]
[SourceDate "2011.11.24"]
[SourceVersion "1"]
[SourceVersionDate "2011.11.24"]
[SourceQuality "1"]

1. d4 {01h30+30s} Nf6 2. c4 e6 3. Nc3 Bb4 4. Qc2 d5 {Trés populaire depuis
quelques années} (4... O-O) (4... c5) 5. a3 (5. cxd5 {L'alternative} Qxd5 {
Gagunashvili,M (2576)-Lalic,B (2531) Rohde op 08th 2008 (5) 1-0}) 5... Bxc3+ 6.
Qxc3 O-O (6... dxc4 {Carlsen,M (2714)-Adams,M (2729) Khanty-Mansiysk (m/1) 101/
434 2007 1-0}) (6... Ne4 {la grande ligne} 7. Qc2 c5 8. dxc5 Nc6 9. cxd5 exd5
10. Nf3 Bf5 $32 {[%cal Gf5c2]}) 7. e3 {Les alternatives Bg5 et Nf3 sont plus
populaires mais e3 va ensuite transposer dans les lignes plus populaires.} (7.
Bg5) (7. Nf3) 7... dxc4 {Développe le Bf1 avec tempo et cette ligne rarissime
est un peu douteuse} (7... Nbd7 $142 8. Nf3 c5 9. dxc5 Nxc5 10. b4 Nce4 11. Qd4
({RR} 11. Qb2) 11... dxc4 12. Qxd8 Rxd8 13. Bxc4 b5 14. Be2 ({RR} 14. Bxb5 Nc3
15. Be2 Nxe2 16. Kxe2 Ba6+ 17. Ke1 Rac8) 14... Nc3 15. Bb2 Nxe2 16. Kxe2 Bb7
17. Rhd1 Bd5 18. Bxf6 gxf6 19. Nd2 e5 20. f3 Kf8 21. Kf2 a5 22. bxa5 {O'Kelly
de Galway,A-Yanofsky,D/Groningen 1946/MCL/[ChessBase]/1/2-1/2 (54)}) (7... b6
$142 8. Nf3 {Carlsen,M (2772)-Bacrot,E (2721) Dortmund SuperGM 2009 (10) 1/2})
(7... c5 $5 8. Nf3 cxd4 9. Nxd4 Re8 10. cxd5 e5 $1 11. Nf3 Nxd5 $132 {
Rodshtein,M (2605)-Lafuente,P (2505) Barcelona Sants op 10th 2008 (9) 1/2}) 8.
Bxc4 $16 {01h27} b6 9. Ne2 {[%cal Ge2g3] 01h11} (9. Nf3 {Djukic,N (2494)
-Sjugirov,S (2643) EUR-ch 12th Aix les Bains 2011 (6.57) 0-1}) 9... Bb7 10. O-O
Nbd7 11. b3 {[%cal Gc1b2,Gc3g7] 01h05} (11. f3 {[%cal Ge3e4] Un coup candidat
naturel pour obtenir un centre fort tout en limitant la force du Bb7} c5 {
[%cal Ga8c8,Gc8c3]}) 11... Rc8 12. Bb2 c5 13. Ng3 {01h04} Qc7 14. Rfd1 Bd5 15.
Ba6 {53""} Bb7 16. Bxb7 Qxb7 17. d5 $1 Rce8 (17... exd5) 18. dxe6 fxe6 19. Rd3
$16 Re7 20. Rad1 Nd5 21. Qd2 {41""} Nb8 22. e4 {22""} Nf4 23. Rd8 Ref7 $2 $138
24. Be5 {24""} Ng6 25. Bxb8 Rxd8 26. Qxd8+ Rf8 27. Qd6 Qxb8 28. Qxe6+ Kh8 29.
Ne2 {20""} Re8 30. Qd5 Rf8 31. g3 Qc8 32. f4 Qa6 33. Qd3 Qxa3 34. f5 $40 c4 (
34... Ne7) 35. Qxc4 Ne5 36. Qc3 Qa2 $2 37. Nc1 {Joué а tempo} Qa5 38. Qxa5 bxa5
39. Rd5 $18 Re8 40. Rxa5 Nf3+ 41. Kg2 Ne1+ 42. Kf2 Rxe4 43. Rxa7 Re8 44. Rc7
1-0

[Event "World Cup"]
[Site "Khanty-Mansiysk"]
[Date "2007.12.03"]
[Round "4.1"]
[White "Carlsen, Magnus"]
[Black "Adams, Michael"]
[Result "1-0"]
[WhiteElo "2714"]
[BlackElo "2729"]
[Annotator "Rogozenco,D"]
[PlyCount "153"]
[EventDate "2007.11.24"]
[EventType "k.o."]
[EventRounds "7"]
[EventCountry "RUS"]
[SourceTitle "CBM 122"]
[Source "ChessBase"]
[SourceDate "2008.01.30"]
[SourceVersion "1"]
[SourceVersionDate "2008.01.30"]
[SourceQuality "1"]

1. d4 Nf6 2. c4 e6 3. Nc3 Bb4 4. Qc2 d5 5. a3 Bxc3+ 6. Qxc3 dxc4 ({Another
variation that becomes more and more popular lately is} 6... c5) ({Adams
usually prefered the main} 6... Ne4) 7. Qxc4 b6 {Nigel Short's idea. Black
tries to use the exposed position of the white queen.} 8. Bf4 {The most
principled answer.} (8. Nf3) 8... Ba6 ({Earlier this year Carlsen achieved
advantage in a blitz game against Onischuk after} 8... Nd5 9. Bg3 Ba6 10. Qa4+
Qd7 11. Qc2 Qb5 12. Nf3 Nc6 13. Rc1 Nde7 14. b4 Qh5 15. Qa4 Bb5 16. Qb3 Qd5 17.
Qxd5 exd5 18. e3 Bxf1 19. Kxf1 Rc8 20. Ke2 {1/2-1/2 Carlsen,M (2710)-Onischuk,
A (2650)/Biel (blitz) 2007 (54)}) 9. Qxc7 Qxc7 10. Bxc7 {Black has
compensation for the pawn thanks to the lead in development. However, the
present game reminds that the development advantage is a temporary factor and
can easily disappear.} O-O {With this novelty Black keeps the possibility to
develop the knight either on d7 or c6. However, Adams failed to show the
advantages of the knight on d7.} ({Short played} 10... Nc6 11. Nf3 Rc8 12. Be5
({The critical variation seems to be} 12. Bf4 Na5 13. b4) 12... Nxe5 13. dxe5
Nd7 14. b4 Bb7 15. e3 Bxf3 16. gxf3 Nxe5 17. Bb5+ Ke7 18. f4 Nd7 {and Black
soon achieved a draw in Baburin,A (2590)-Short,N (2670)/Port Erin 1998.}) 11.
Nf3 Rc8 12. Bf4 Nbd7 ({Another way to look for compensation is} 12... Nc6 13.
e3 Bxf1 14. Rxf1 Na5) 13. Nd2 {The begin of an impressive maneuver.} Rc2 ({
Deserves attention to chase away the bishop from the diagonal c1-h6:} 13... Nd5
14. Bg3 Rc2 15. Rb1 Rac8 16. Kd1 f5 {although after} 17. e3 Bxf1 18. Rxf1 {
White will most likely find a way to coordinate his pieces and keep the extra
pawn (appart from Ke2-d3, followed by Nb3 and Rfc1, White also has Re1-e2, or
in some cases even Nb3 and Rc1, using the pin on the c-file).}) 14. Rb1 Rac8 {
Adams achieved a visible activity, but Carlsen finds a strong defensive plan:
the knight goes to a1 in order to control square c2.} 15. Nb3 $1 Bc4 (15... Nd5
16. Bd2 N7f6 17. f3 $16 {[%cal Gb3a1]}) 16. Na1 $1 Ba2 17. Nxc2 Bxb1 18. Na1
Nd5 19. Bd2 {A rare case when White can be proud having a knight in the corner.
Indeed, it controls the vital square c2 and cannot be disturbed there. The
bishop controls square c1, so in fact the yound Norvegian is just a healthy
pawn up. White's position contains no weaknesses and he will soon complete
development.} e5 20. e3 $1 ({Stronger than} 20. dxe5 Nxe5 21. e3 Bd3 (21...
Nd3+ 22. Bxd3 Bxd3 23. f3 $16)) 20... exd4 21. exd4 Nb8 (21... Re8+ 22. Kd1 $16
) (21... Nf8 22. Ba6 Re8+ 23. Kd1 Ne6 24. Re1 Ndc7 $14 {/+/-}) 22. f3 Nc6 23.
Bc4 Rd8 24. Kf2 Bf5 25. Nb3 {White has everything protected and the game
enters in the phase of converting the extra pawn. This is not a trivial task,
though, since the isolated d-pawn is blockaded and it is difficult for White
to find targets for attack.} Be6 26. Rc1 f6 27. a4 $1 {Now Black faces an
unpleasant choice. Allowing the further advance of the a-pawn will open files
for white pieces. Adams chooses to blockade it, but then the b-pawn remains
weak.} a5 28. Bc3 Bf7 29. Nd2 Nde7 30. Bf1 $5 {Carlsen decides to give up the
d4-pawn in order to open the position, where his bishop pair together with the
weakness of pawn b6 will secure the advantage.} ({White could have kept the
extra pawn with} 30. Rd1 $16 Nxd4 $140 $6 31. Bxf7+ Kxf7 32. Nc4 Nec6 33. Nxb6
$18) 30... Nxd4 31. Re1 Ndc6 32. Nc4 Nd5 33. Rb1 Kf8 (33... Nxc3 34. bxc3 $16 {
[%csl Rb6]}) 34. Be1 Ke7 (34... Ncb4 35. Rd1 (35. Kg1 $5 Re8 36. Bf2 Re6 37.
Rd1 $14) 35... Nc2 36. Bd2 $14 (36. Nxb6 $6 Nxe1 37. Nxd5 Nxg2 $11)) 35. Kg1 $1
{Again Carlsen finds a powerful way to improve the position.} Nb8 36. Bf2 Nd7
37. Re1+ Kf8 38. Rd1 Ke7 39. Re1+ Kf8 40. Nd6 Ne5 (40... Nc5 41. Nxf7 Kxf7 42.
Bxc5 ({or} 42. Bb5 $14 {/+/-}) 42... bxc5 43. Bc4 Rd7 44. Rd1 Ke6 45. f4 g5 46.
g3 $16) 41. Nxf7 Kxf7 $16 42. Rd1 {The bishops are much stronger than the
knights and in spite of material eqiality White has a clear advantage.} Ke7 43.
f4 (43. Ba6 $16) 43... Ng4 (43... Nxf4 44. Rxd8 Kxd8 45. Bxb6+ $18) 44. Re1+
Kf8 45. Bd4 Rd6 ({Again taking on f4 loses:} 45... Nxf4 46. Bxb6 Rd5 47. b4 $1
axb4 48. a5 {and the knights can't fight against the marginal passed pawn.})
46. h3 Nh6 ({Here} 46... Nxf4 {was worth a try, at the same time containing a
trap.} 47. Re4 ({After} 47. Rd1 $2 {(threatening 48.Bc5) Black has a strong
answer} Ke7 $1 {which is also the only defense} (47... Ne6 48. Bc5 $18) (47...
Ke8 48. hxg4 Ne6 49. Re1 $18) 48. hxg4 Ne6 {and it is White who must look for
escape}) 47... Ne6 48. Rxe6 Rxe6 49. hxg4 $16 {White is clearly better, but
winning it might be a difficult task.}) 47. Rd1 $1 Nf5 (47... Nxf4 $2 48. Bc5
$18) 48. Bf2 Ke7 (48... Nxf4 49. Rxd6 Nxd6 50. Bxb6 $16) 49. g4 Nh6 50. f5 Nf7
51. Bg2 Nf4 52. Rxd6 Nxd6 53. Bxb6 {In spite of Adams' efforts the inevitable
happened. Now the extra pawn secures a technical win.} Nc4 54. Bc5+ Kd7 55. Bf1
({Even stronger is} 55. b3 Nxg2 (55... Nd2 56. Be3 Nxg2 57. Bxd2 $18) 56. Kxg2
Nd2 57. b4 $18) 55... Nxb2 56. Bb5+ Kd8 ({More stubborn is} 56... Kc7 {
although after} 57. Bf8 ({or} 57. h4 {[%cal Gc5f8]}) 57... g6 58. fxg6 hxg6 59.
h4 {Black's position is difficult anyway}) 57. Bb6+ Ke7 58. Kh2 $18 Nd5 59.
Bxa5 Kd6 60. Bd2 Kc5 61. Kg3 Nc7 62. Be3+ Kb4 63. Bd2+ Kc5 64. Bc1 Nc4 65. Bxc4
Kxc4 66. Bd2 Na6 67. a5 Kb5 68. Kf3 Nc5 69. Bc3 h6 70. Ke3 Kc4 71. Bd4 Na6 72.
Ke4 Nb4 73. h4 Kb5 74. Bc3 Na6 75. Kd5 Nc5 76. Bd4 Nd3 77. Ke6 1-0